000 00714nam a2200265Ia 4500
003 OSt
005 20221007072901.0
006 a|||||r|||| 00| 0
007 ta
008 221006b |||||||| |||| 00| 0 eng d
020 _a8175342109
024 _a9,219
037 _cReference Collections
040 _aFLL
_cFLL
_beng
041 _2eng
_aeng
082 _aZ2,2673, N6
100 _aCornish W.R. Au.
245 0 _aIntellectual property
250 _a3rd
260 _aLondon
_bSweet and Maxwell London
_c1996
300 _acv,722p
_ccm.
650 _aIntellectual property
_9583124
942 _hZ2,2673, N6
_cREF
_2CC
999 _c1147186
_d1147186